Statistiques concernant Records de Coupe du Monde de football

Cliquez ici pour prendre le quiz!

Statistiques générales

  • Ce quiz a été pris 194 fois
  • Le résultat moyen est 10 sur 20

Statistiques - réponses

DatesIndiceRéponse% Correct
1930 - 2022Le plus de participations (22)Brésil
69%
1930 - 2022Équipe ayant marqué le plus de buts (237)Brésil
66%
2002 - 2006La plus grande série de victoires (11)Brésil
66%
2018 - 2022Le joueur ayant marqué le plus de buts en finale (4)Kylian Mbappé
65%
1954 - 2014Le plus de finales (8)Allemagne
64%
76 victoires en 114 matchsLe meilleur % de victoire (66,7%)Brésil
62%
3 en 2006, 5 en 2010, 7 en 2014, 4 en 2018, 7 en 2022Le joueur ayant marqué le plus de matchs (26)Lionel Messi
62%
1958Le joueur le plus jeune ayant joué une finale (17 ans et 249 jours)Pelé
59%
1 but en 2006, 1 en 2010, 1 en 2014, 4 en 2018, 1 en 2022Le joueur ayant marqué dans le plus d'éditions (5)Cristiano Ronaldo
57%
5 en 2002, 5 en 2006, 4 en 2010, 2 en 2014Le joueur ayant marqué le plus de buts (16)Miroslav Klose
57%
1990, 1990, 1998, 2006, 2014, 2022, 2022Le plus grand nombre de tirs au but (7)Argentine
55%
1930Équipe ayant marqué le tout premier but de coupe du mondeFrance
48%
2 réponses possiblesLe plus de cartons rouges (9)
34%
1930 - 1958La plus grande série de défaites (9)Mexique
34%
en 64 matchsLe plus de cartons jaunes (88)Argentine
31%
En 17 participationsLe plus de défaites (28)Mexique
31%
1954Pays organisateur de la coupe du monde avec le plus de buts par match (5,38 buts / match)Suisse
30%
1938, 1974, 2002, 2006Équipes n'ayant jamais marqué (4)
29%
1934 - 1986Le plus de buts par match (2,72)Hongrie
29%
2 réponses possiblesLe gardien ayant joué le plus de matchs sans encaisser le moindre but (10)
17%

Distribution des résultats

Percentile par nombre de réponses

% des personnes avec chaque résultat

Votre développement - résultats

Vous n’avez pas pris ce quiz